{"text_format":"3","workbook":"xlsx","n_sheets":1,"sheets":["Sheet1"],"read":"whole","date_system":"1900"}

{"sheet":"Sheet1","index":0,"n_rows":12,"n_cols":10,"rows_kept":12,"merged":[[0,0,0,9],[1,0,2,0],[1,1,2,1],[1,2,2,2],[1,3,2,3],[1,4,2,4],[1,5,1,8],[1,9,2,9],[3,9,4,9],[8,9,9,9],[10,0,10,5],[11,0,11,9]]}
["2023年“P”项目桥面沥青铺设及防水工程报价清单"]
["序号","项目名称","项目特征","单位","工程量","金额（元）",{"$nulls":3},"备注"]
[{"$nulls":5},"全费用单价限价","招标控制价合价","班组所报单价","合价"]
[1,"桥面铺装2cm厚CAC-5彩色沥青混合料","1.桥面：2cm厚CAC-5彩色沥青混合料，需含选型定样后施工；\n2.沥青混凝土及基层材料运输方式及运距：报价人自行确定\n3.沥青混合料现场铺装采用的机械种类及方式：报价人自行考虑确定，桥面浇筑沥青的桥面运输车辆及人工、浇筑所需要的所有机械及人工（包含荷载要求、小型机械使用降效费用等）、成品保护及报价特别说明中相关内容均已包含在综合单价内；\n4.沥青混凝土面层颜色由甲方确认后实施，颜色的调整已包含在综合单价内，结算时不作调整；\n5.做法：满足设计及现行施工技术、质量验收规范要求\n6.结算工程量以实际完成施工面积为准，单价结算时不作调整","m2",4750,130,{"$f":"F4*E4","v":{"v":617500,"d":"617500.00"}},null,null,"施工过程中根据发包人指令确认施工工程量"]
[2,"改性乳化沥青粘层(0.3~0.5kg/㎡)","1.材料规格、厚度：改性乳化沥青粘层，用量为0.3~0.5Kg/m2；\n2.材料运输方式及运距：报价人自行确定\n3.施工采用的机械种类及方式：报价人自行考虑确定，摊铺所需要的所有机械、人工、选择小型机械施工降效费、成品保护及报价特别说明中相关内容均已包含在综合单价内；\n4.结算工程量以实际完成施工面积为准，附加层综合考虑在报价中不单独计算，单价结算时不作调整；\n5.做法：满足设计及现行施工技术、质量验收规范要求","m2",4750,12,{"v":57000,"d":"57000.00"}]
[3,"桥面铺装找平层 3cm厚GA-10浇筑式沥青混凝土","1.找平层：GA-10浇筑式沥青混凝土，碾压成型后厚度为3cm；\n2.沥青混凝土及基层材料运输方式及运距：报价人自行确定；\n3.沥青砼现场铺装采用的机械种类及方式：报价人自行考虑确定，桥面浇筑沥青的桥面运输车辆及人工、碾压成形、浇筑所需要的所有机械及人工（包含荷载要求、小型机械使用降效费用等）、成品保护及报价特别说明中相关内容均已包含在综合单价内；\n4.做法：满足设计及现行施工技术、质量验收规范要求；\n5.结算工程量以实际完成施工面积为准，单价结算时不作调整","m2",4750,300,{"v":1425000,"d":"1425000.00"}]
[4," 桥面找平层GA-10浇筑式沥青混凝土","1.附加找平层：局部区域找平，采用GA-10浇筑式沥青混凝土；\n2.沥青混凝土及基层材料运输方式及运距：报价人自行确定；\n3.沥青砼现场铺装采用的机械种类及方式：报价人自行考虑确定，桥面浇筑沥青的桥面运输车辆及人工、浇筑所需要的所有机械及人工（包含荷载要求、小型机械使用降效费用等）、成品保护及报价特别说明中相关内容均已包含在综合单价内；\n4.结算工程量以实际完成施工面积为准，单价结算时不作调整；\n5.做法：满足设计及现行施工技术、质量验收规范要求；\n6.计量方式：进场后，施工前进行完成面高程测量收方计量；","m3",10,9050,{"v":90500,"d":"90500.00"}]
[5,"桥面钢板溶剂型橡胶沥青粘结剂防水层","1.材料规格、厚度：溶剂型橡胶沥青粘结剂防水层，溶剂型橡胶沥青60%+高韧性环氧类树脂，用量为0.2~0.4Kg/m2；\n2.材料运输方式及运距：报价人自行确定；\n3.防水层采用的机械种类及方式：报价人自行考虑确定，摊铺防水所需要的所有机械、人工、选择小型机械施工降效费、成品保护及报价特别说明中相关内容均已包含在综合单价内；\n4.结算工程量以实际完成施工面积为准，搭接、附加层综合考虑在报价中不单独计算，单价结算时不作调整；\n5.做法：满足设计及现行施工技术、质量验收规范要求；","m2",{"$f":"4750","v":4750},25,{"v":118750,"d":"118750.00"}]
[6," 桥面钢板80um厚环氧富锌底漆","1.底漆要求：机喷环氧富锌底漆，80um厚，两遍以上；\n2.材料运输方式及运距：报价人自行确定；\n3.采用的机械种类及方式：报价人自行考虑确定，所有机械、人工、选择小型机械施工降效费、成品保护及报价特别说明中相关内容均已包含在综合单价内；\n4.做法：满足设计及现行施工技术、质量验收规范要求；\n5.结算工程量以实际完成施工面积为准，单价结算时不作调整","m2",{"$f":"4750-18*0.3","v":4744.6},28,{"v":132848.8,"d":"132848.80"},null,null,"施工过程中根据发包人指令确认施工工程量"]
[7,"桥面钢板喷砂除锈","1.工艺要求：钢板喷砂、除锈、清洗、磨光等全部操作过程，以及基层清理，基底打磨、桥面预埋钢筋及预埋吊环等残留打磨、切割，包含运砂、筛砂、烘砂、喷砂、砂子回收、现场清理等；涂装层拆除：涂装层凿除、清理、运输至场地内统一堆放，及预防施工材料扬尘飞砂、飞料清理等措施；\n2.防水施工前的桥面清理，清理标准达到防水施工要求；\n3.采用的机械种类及方式：报价人自行考虑确定，所有机械、人工、选择小型机械施工降效费、成品保护及报价特别说明中相关内容均已包含在综合单价内；\n4.做法：满足设计及现行施工技术、质量验收规范要求\n5.结算工程量以实际完成施工面积为准，单价结算时不作调整；","m2",{"$f":"4750-18*0.3","v":4744.6},37,{"v":175550.2,"d":"175550.20"}]
["合计",{"$nulls":5},{"$f":"SUM(G4:G10)","v":{"v":2617149,"d":"2617149.00"}}]
["特别说明：\n1.询价范围：施工内容包含但不限于桥面沥青及桥面防水施工，具体施工内容详见工程量清单，清单数量为暂定数量，具体实施数量以现场安排为准。工程质保期为2年；\n2.本次施工时使用机械满载荷载不得超过8t/台/每跨，所产生的费用（如装运、小型机械降效、成品保护、工作面赶工等所有措施费，由报价人自行考虑在相应报价中；\n3.报价人根据施工工艺、工序、现场材料组织、备料堆场、材料运输通道、施工范围内成品保护及非本施工范围的成品保护及国家现行规范自行踏勘现场后综合考虑进行报价，所有材料转运路线的成品保护所产生措施费，桥面沥青施工所需要所有机械及人工、单独使用发电机费用、施工材料、（沥青混凝土、基层材料、防水材料及辅材）场内运输机械（含二次转运及多次转运）及人工均综合考虑到报价中，结算时不作调整；\n4.针对本合同项下综合单价项目的增减、工程量的调整，乙方均无权提出任何形式的索赔（包括但不限于费用索赔、工期索赔等），且乙方不得以此为由擅自停工、退场，必须严格按照甲方指令及合同约定，继续完成全部施工任务，直至工程达到合同约定的验收标准。\n5.全费用综合单价包含人工费、所有材料费（含周转材料费）、机械设备费、工具器具费、临时设施及措施费、大型机械进出场及场内转运费、下车费、吊装费、规费、单独使用发电机费用、管理费、配合费、安全文明施工费、以及各种风险费、保险费、施工过程中办理的各种手续费、降水费、排水费、成品保护、各种检测费、利润、税费等完成该工作所需的全部费用，结算时无论涨跌、工程量增减或其它任何风险因素，均不作调整。\n6.询价人提供用电接口，但报价人应踏勘现场后自行考虑是否需自备发电机发电（含燃油费等），其费用综合考虑在报价中，不再另计。\n7.现场安全环保文明施工管理要求：（1）班组按实名制管理，未打卡造成民工上访甲方视为未上班处理，其余参照合同附件中安全环保管理协议执行。（2）现场雾炮机由乙方提供，报价人需安排人员管理使用，人工费、油费及管理费用综合考虑到报价中，不单独计取。（3）安全网、成品保护、每层工序保护由报价人安排人员进行覆盖、回收、现场转移等，人工费、材料费等综合考虑到报价中，不单独计取。\n8.本工程所涉及的安全设施、防护设施、高空临边防护措施均已包含在各项综合单价内，不再单独计算。\n9.本次采用全费用单价报价形式，最高限价为2,617,149.00元，报价人所报价高于最高限价总金额的为无效报价，采购人不予接受。同时在工程量清单中公布最高费用单价限价，报价人的全费用单价也不得超过最高全费用单价限价，否则，采购人将予以拒绝。\n10.若报价明显低于成本价格，或存在不平衡报价和不合理报价的，在总价不变的情况下，由双方协商修正其价格。\n\n                                                                                                   报价单位（公章）：\n\n                                                                                                   法人或委托代理人及电话：\n\n                                                                                                   时间："]